Menjar bé per viure milllor: Xerrades sobre alimentació i gent gran / [dibuixos : Oriol Carrasco Alomà] Xerrades sobre alimentació i gent gran / [dibuixos :
ISBN:
84-7794-354-0
Descripción Física:
88 p. : il., gràf., taules ; 21 cm
Colección:
Salut pública ; 8
Otros Autores:
Carrasco Alomà, Oriol, il
Materias:
Persones grans -- Alimentació
MARC
| LEADER | 00000nam a2200000Ia 4500 | ||
|---|---|---|---|
| 001 | 16996 | ||
| 008 | 160829s1995 xx 000 0 cat d | ||
| 020 | |a 84-7794-354-0 | ||
| 080 | |a C-2-388 | ||
| 245 | |a Menjar bé per viure milllor: |b Xerrades sobre alimentació i gent gran / [dibuixos : |b Oriol Carrasco Alomà] | ||
| 250 | |a Ed. no venal | ||
| 260 | |a Barcelona : |b Institut d'edicions de la Diputació de Barcelona, |c 1995 | ||
| 300 | |a 88 p. : |b il., gràf., taules ; |c 21 cm | ||
| 490 | |a Salut pública ; 8 | ||
| 650 | 0 | |a Persones grans |x Alimentació |9 37885 | |
| 700 | |a Carrasco Alomà, Oriol, il. |9 37886 | ||
| 710 | |a Barcelona (Catalunya : Província). |b Institut d'Edicions |9 53854 | ||
| 901 | |a Arxiu | ||
| 942 | |n 1 | ||
| 952 | |0 0 |1 0 |4 0 |6 C2388 |7 1 |9 48136 |a Arxiu |b Arxiu |d 2016-12-01 |l 0 |o C-2-388 |p 16996 |r 2016-12-01 00:00:00 |w 2016-12-01 |y ARXIU | ||
| 999 | |c 51939 |d 51939 | ||